书目信息 |
| 题名: |
现代统计分析方法的理论和应用
|
|
| 作者: | 陈希镇 著 | |
| 分册: | ||
| 出版信息: | 北京 国防工业出版社 2016 |
|
| 页数: | 13,321页 | |
| 开本: | 26cm | |
| 丛书名: | ||
| 单 册: | ||
| 中图分类: | C813 | |
| 科图分类: | ||
| 主题词: | 统计分析--tong ji fen xi--分析方法 | |
| 电子资源: | ||
| ISBN: | 978-7-118-10801-9 | |
| 000 | 01012nam0 22002531 450 | |
| 001 | 1760831063 | |
| 005 | 20170619171915.0 | |
| 010 | @a978-7-118-10801-9@dCNY68.00 | |
| 100 | @a20160824d2016 em y0chiy50 ea | |
| 101 | 0 | @achi |
| 102 | @aCN@b110000 | |
| 105 | @ay z 000yy | |
| 106 | @ar | |
| 200 | 1 | @a现代统计分析方法的理论和应用@9xian dai tong ji fen xi fang fa de li lun he ying yong@f陈希镇著 |
| 210 | @a北京@c国防工业出版社@d2016 | |
| 215 | @a13,321页@d26cm | |
| 312 | @a封面英文题名:Theory and application of modern statistical analysis method | |
| 330 | @a本书共12章,包括矩阵理论、随机向量、正态分布、Copula函数及其应用、正态总体的参数检验、聚类分析、判别分析、主成分分析、因子分析、典型相关分析、对应分析和SPSS的使用。 | |
| 510 | 1 | @aTheory and application of modern statistical analysis method@zeng |
| 606 | 0 | @a统计分析@9tong ji fen xi@x分析方法 |
| 690 | @aC813@v5 | |
| 701 | 0 | @a陈希镇@9chen xi zhen@f(1949-)@4著 |
| 801 | 0 | @aCN@b百万庄@c20170617 |
| 905 | @b1013448-50@dC813@e132@f3 | |
| 现代统计分析方法的理论和应用/陈希镇著.-北京:国防工业出版社,2016 |
| 13,321页;26cm |
| ISBN 978-7-118-10801-9:CNY68.00 |
| 本书共12章,包括矩阵理论、随机向量、正态分布、Copula函数及其应用、正态总体的参数检验、聚类分析、判别分析、主成分分析、因子分析、典型相关分析、对应分析和SPSS的使用。 |
| ● |
| 相关链接 |
|
|
|
|
正题名:现代统计分析方法的理论和应用
索取号:C813/132
 
预约/预借
| 序号 | 登录号 | 条形码 | 馆藏地/架位号 | 状态 | 备注 |
| 1 | 1013448 | 210134488 | 第一样本阅览室/ [索取号:C813/132] | 在馆 | |
| 2 | 1013449 | 210134497 | 第一借阅区/ [索取号:C813/132] | 在馆 | |
| 3 | 1013450 | 210134503 | 教育系资料室/ [索取号:C813/132] | 在馆 |